000 00482nam a2200181Ia 4500
001 2584
005 20260306144818.0
008 260306t2019||||xx |||||||||||||| ||spa||
041 _aESP
082 _a616.891523
_bL86
100 _aLópez, María Cecilia
_eAUT
245 0 _aTerapia del juego con muñecos en el abuso sexual:
_bestrategias de intervención
260 _c2019
300 _a287 páginas :
_c22 cm.
650 _aGEN
654 _aCPS
942 _cLIB
_dJUS
_fJUS
_2ddc
_n
999 _c2584
_d2584